Nezamestnanosť v krajinách EÚ
Nezamestnanosť ako cenntrálny problém moderných spoločností. Vývoj miery nezamestnanosti v Európskej únii a jej najväčších konkurentov, USA a Japonska. Ciele regionálnej politiky EÚ a hlavné nástroje na odstránenie hospodárskeho úpadku, nezamestnanosti a chudoby.
Salvato in:
| Autore principale: | |
|---|---|
| Altri autori: | |
| Natura: | Capitolo di libro |
| Lingua: | slovacco |
| Soggetti: | |
| Tags: |
Nessun Tag, puoi essere il primo ad aggiungerne!!
|
MARC
| LEADER | 00000naa$a2200000$$$4500 | ||
|---|---|---|---|
| 001 | 0114595 | ||
| 005 | 20240502072258.2 | ||
| 041 | 0 | |a slo | |
| 044 | |a SK | ||
| 245 | 1 | 0 | |a Nezamestnanosť v krajinách EÚ |c Viera Labudová, Timea Tóthová |
| 520 | |a Nezamestnanosť ako cenntrálny problém moderných spoločností. Vývoj miery nezamestnanosti v Európskej únii a jej najväčších konkurentov, USA a Japonska. Ciele regionálnej politiky EÚ a hlavné nástroje na odstránenie hospodárskeho úpadku, nezamestnanosti a chudoby. | ||
| 610 | 2 | 0 | |a Európska únia |
| 610 | 2 | 0 | |a USA |
| 610 | 2 | 0 | |a Japonsko |
| 610 | 2 | 0 | |a nezamestnanosť |
| 610 | 2 | 0 | |a úpadok hospodársky |
| 610 | 2 | 0 | |a chudoba |
| 610 | 2 | 0 | |a politika zamestnanosti |
| 610 | 2 | 0 | |a rozvoj regionálny |
| 610 | 2 | 0 | |a rozvoj sociálno-ekonomický |
| 100 | 1 | |a Labudová, Viera, 1958- | |
| 700 | 1 | |a Tóthová, Timea | |